[Event "Sachsen-ch U10"]
[Site "Sebnitz"]
[Date "2005.04.01"]
[Round "6"]
[White "Ahlswede, Christian"]
[Black "Viereck, Marten"]
[Result "0-1"]
[WhiteElo "1081"]
[BlackElo "868"]
[PlyCount "45"]
[EventDate "2005.03.29"]
[EventType "swiss"]
[EventRounds "7"]
[EventCountry "GER"]
[SourceTitle "EXT 2007"]
[Source "ChessBase"]
[SourceDate "2006.11.23"]
[SourceVersion "1"]
[SourceVersionDate "2006.11.23"]
[SourceQuality "1"]

1. e4 e5 2. Nf3 Nc6 3. Bc4 Bc5 4. Nc3 Nf6 5. d3 d6 6. Bg5 Be6 7. Nd5 Bxd5 8. Bxd5 Nd4 9. 0-0 0-0 10. c3 Ne6 11. Bxe6 fxe6 12. d4 Bb6 13. dxe5 dxe5 14. Qb3 Qe7 15. Nxe5 h6 16. Bxf6 Rxf6 17. Rad1 Raf8 18. Rd7 Qc5 19. Ng4 Rxf2 20. Nxf2 Rxf2 21. Qxe6+ Kh7 22. h3 Rf6+ 23. Kh2 0-1